Normal view MARC view

Entry Personal Name

Number of records used in: 1

001 - CONTROL NUMBER

  • control field: 50275

003 - CONTROL NUMBER IDENTIFIER

  • control field: OSt

005 - DATE AND TIME OF LATEST TRANSACTION

  • control field: 20250121105150.0

008 - FIXED-LENGTH DATA ELEMENTS

  • fixed length control field: 250121|| aca||aabn | a|a d

040 ## - CATALOGING SOURCE

  • Original cataloging agency: OSt
  • Transcribing agency: OSt

100 ## - HEADING--PERSONAL NAME

  • Personal name: Kaur, Jagir and Sharma, Rouble Rani

670 ## - SOURCE DATA FOUND

  • Source citation: Work cat.: (OSt)525497: Kaur, Jagir and Sharma, Rouble Rani , Policy of millet mission and India’s self-reliance: Opportunities and practices

Powered by Koha